El magnífico acuífero guaraní /
Documental explicativo para entender como funciona el acuífero Guaraní y conocer las instituciones internacionales que se ocupan de la gestión del mismo.
Guardado en:
| Autores Corporativos: | , |
|---|---|
| Formato: | |
| Publicado: |
Argentina,
2008
|
| Materias: | |
| Etiquetas: |
Agregar Etiqueta
Sin Etiquetas, Sea el primero en etiquetar este registro!
|
| LEADER | 00877ngm a22002535g 4500 | ||
|---|---|---|---|
| 001 | CEM.cems023121 | ||
| 008 | 130507s2008##################0###0#####d | ||
| 005 | 20241212180416.0 | ||
| 245 | 0 | 0 | |a El magnífico acuífero guaraní / |c TDA. |
| 260 | |a Argentina, |c 2008 | ||
| 500 | |a Consultar en ventanilla. | ||
| 520 | |a Documental explicativo para entender como funciona el acuífero Guaraní y conocer las instituciones internacionales que se ocupan de la gestión del mismo. | ||
| 590 | |a Identificación SIABUC: DVD Nº D28 | ||
| 538 | |a Soporte: DVD - Color: Si - Grabación DRD | ||
| 110 | 2 | |a TDA. | |
| 710 | 2 | |a Derecho & Arte. | |
| 082 | 9 | 1 | |/ TDA |
| 653 | |a ACUÍFERO | ||
| 653 | |a GEOGRAFÍA | ||
| 653 | |a ECOLOGÍA | ||
| 653 | |a AGUA | ||
| 653 | |a NIVEL PRIMARIO | ||
| 653 | |a NIVEL SECUNDARIO | ||
| 859 | |a CEMS |b BIB. CEMS - Depto. Recursos Didacticos |h 918 |i TDA |k DRD |p 1764.13 |t Ej.1 | ||
